| 000 | 00518ntaaa2200205 4500 | ||
|---|---|---|---|
| 003 | 01 | ||
| 005 | 20251027202122.0 | ||
| 008 | 0714s1973 ag 01 | ||
| 020 | _a9505001541 | ||
| 040 |
_aAR-BaBN _bspa _cAR-BaBN _eaacr _dRIC |
||
| 082 | _a261.8000 N85p | ||
| 100 |
_aNovak, George _919664 |
||
| 245 | _aPor los senderos del evangelio | ||
| 250 | _a1 ed. | ||
| 260 |
_aBuenos Aires : _bEd. Guadalupe, _c1966 |
||
| 300 |
_a159 p ; _c19,5 cm |
||
| 650 | _aiglesia-sociedad | ||
| 650 | _aevangelización | ||
| 942 | _cBK | ||
| 999 |
_c16076 _d16076 |
||